| 000 | 00959nam a2200253Ia 4500 | ||
|---|---|---|---|
| 003 | OSt | ||
| 005 | 20220926003338.0 | ||
| 006 | a|||||r|||| 00| 0 | ||
| 007 | ta | ||
| 008 | 220923b |||||||| |||| 00| 0 eng d | ||
| 020 |
_a9780199060924 _c590.75 |
||
| 037 |
_bG-4558, 20/03/2014, Manohar Publishers & Distributors _cGeneral Book |
||
| 040 |
_aRTL _cRTL _beng |
||
| 041 |
_2eng _aeng |
||
| 082 | _aY15-33.44Q7, P9 | ||
| 100 |
_aAHMAD Sadaf _9307194 |
||
| 245 | 0 |
_aTransforming faith _b The story of AI-Huda and islamic revivalism among urban pakistani women |
|
| 260 |
_a New Delhi _bOxford University Press _c2009 |
||
| 300 |
_avii,227p. Bibliography: P 205-20. Glossary: P 201-04 _ccm. |
||
| 490 | _aRoutledge Contemporary Human Geography Series | ||
| 500 | _aBiblography: P 428-63 | ||
| 942 |
_hY15-33.44Q7, P9 _cGB _2CC |
||
| 999 |
_c607586 _d607586 |
||